00450nam a2200169Ia 450000500170000000800410001702000220005804100120008008200160009210000180010824500540012625000080018026000370018850000080022565000310023370000160026420240823032325.0240823s9999||||xx |||||||||||||| ||und|| a978-81-317-0206-2 aENGLISH A621.4021 Q2 aGordon Rogers 0aEngineering Thermodynamics work and Heat Transfer a4th c2012bPearson Education Internat aYES aThermodynamicsbMechanical a Yon Mayhew